00447nam a2200145Ia 4500008004100000020001800041082001700059100002400076245009600100250000800196260003700204300001400241600003300255650001300288241115s9999 xx 000 0 und d a81-317-0167-0 a808.3066 ROS aRosenberg, Barry J. 0aSpring into Technical Writing: for engineers and scientists the smart professional's choice a.NA aIndia:bPearson Education,c2006 axxi,318p. aHumanities & Natural Science aLanguage